000 00305nam a2200109 4500
008 180220b xxu||||| |||| 00| 0 eng d
245 _aDavao's economic rise on target.
260 _aPhilippines
_bThe Philippine Star
_cc2017
300 _apage B5.
650 0 _926693
_aEconomic conditions.
942 _2ddc
_cPER
999 _c8773
_d8773